Máquinas eléctricas

Guardado en:
Detalles Bibliográficos
Autor principal: Chapman, Stephen J (Autor)
Formato: Libro
Lenguaje:español
Publicado: Ciudad de México McGraw-Hill 2005
Edición:1a. ed
Materias:
Etiquetas: Agregar Etiqueta
Sin Etiquetas, Sea el primero en etiquetar este registro!

MARC

LEADER 00000nam a2200000 a 4500
001 UCK5767
003 CL-VaPUC
008 050826e20050000MX |||||||||||||||||spa|d
020 |a 9701049470 
082 0 4 |a 621.313  |b CHA  |2 21 
100 0 |a Chapman, Stephen J  |e author  |9 494688 
245 1 0 |a Máquinas eléctricas 
250 |a 1a. ed 
300 |a 746 p 
942 |c BK 
945 |d 20050826 00:00:00  |a cmena 
260 |a Ciudad de México  |b McGraw-Hill  |c 2005 
500 |a Corresponde a: 4a. ed en inglés 
650 0 |a Transformadores eléctricos   |9 263198 
650 0 |a Electrónica de potencia  |9 263153 
650 7 |a GENERADORES ELECTRICOS  |2 CL-VaPUC  |9 494689 
650 0 |a Motores eléctricos   |9 260085 
583 |a last modification  |c 20050826 00:00:00  |k Rodrigo Vera 
999 |c 314230  |d 314228 
952 |0 0  |1 0  |2 ddc  |4 0  |6 621_313000000000000_CHA_2005  |7 0  |8 A  |9 386261  |a BIBING  |b BIBING  |c RES  |d 2019-11-22  |i 4158482  |o 621.313 CHA 2005  |p 4158482  |r 2025-01-20  |w 2019-11-22  |y BK  |k EIE 
952 |0 0  |1 2  |2 ddc  |4 0  |6 621_313000000000000_CHA_2005  |7 0  |8 A  |9 386262  |a BIBING  |b BIBING  |d 2019-11-22  |i 4167503  |o 621.313 CHA 2005  |p 4167503  |r 2019-11-22  |w 2019-11-22  |y BK  |k EIE 
952 |0 0  |1 0  |2 ddc  |4 0  |6 621_313000000000000_CHA_2005  |7 0  |8 A  |9 386263  |a BIBING  |b BIBING  |c RES  |d 2019-11-22  |i 4167511  |o 621.313 CHA 2005  |p 4167511  |r 2025-01-20  |w 2019-11-22  |y BK  |k EIE 
952 |0 0  |1 0  |2 ddc  |4 0  |6 621_313000000000000_CHA_2005  |7 0  |8 A  |9 386264  |a BIBING  |b BIBING  |c RES  |d 2019-11-22  |i 416752K  |l 2  |o 621.313 CHA 2005  |p 416752K  |r 2025-01-20  |s 2023-08-08  |w 2019-11-22  |y BK  |k EIE 
952 |0 0  |1 0  |2 ddc  |4 0  |6 621_313000000000000_CHA_2005  |7 0  |8 A  |9 386265  |a BIBING  |b BIBING  |c RES  |d 2019-11-22  |i 4167538  |o 621.313 CHA 2005  |p 4167538  |r 2025-01-20  |w 2019-11-22  |y BK  |k EIE 
952 |0 0  |1 0  |4 0  |6 621_313000000000000_CHA_2005  |7 0  |8 R  |9 386266  |a BIBMEC  |b BIBMEC  |d 2019-11-22  |i 4311329  |l 10  |o 621.313 CHA 2005  |p 4311329  |r 2024-01-19  |s 2023-12-13  |w 2019-11-22  |y BK_R  |k MEC 
952 |0 0  |1 0  |4 0  |6 621_313000000000000_CHA_2005  |7 0  |8 R  |9 386267  |a BIBMEC  |b BIBMEC  |d 2019-11-22  |i 4323351  |l 7  |o 621.313 CHA 2005  |p 4323351  |r 2024-01-19  |s 2022-10-13  |w 2019-11-22  |y BK_R  |k MEC 
952 |0 0  |1 0  |2 ddc  |4 0  |6 621_313000000000000_CHA_2005  |7 0  |8 A  |9 386268  |a BIBING  |b BIBING  |c RES  |d 2019-11-22  |i 4379659  |l 1  |o 621.313 CHA 2005  |p 4379659  |r 2025-04-03  |s 2025-03-27  |w 2019-11-22  |y BK  |k EIE